000 00978nam a2200265Ia 4500
003 GCL
008 140319s9999 xx 000 0 ara d
020 _a8110829953
040 _aGCL /
_cGCL
082 0 4 _a362.7
_bع ش
100 1 _aعلى بوعناقة
245 1 0 _aالشباب ومشكلاته الاجتماعية فى المدن الحضرية /
_cعلى بوعناقة
250 _aالاولى
260 _aبيروت :
_bمركز دراسات الوحدة العربية ،
_c2007
300 _a296ص ؛
_c24سم
490 _aسلسلة اطروحات الدكتوراة
_v61
650 0 4 _aجرائم الاحداث
650 0 4 _aالاعلام والتنمية
650 0 4 _aالشباب والتغير الاجتماعى
650 0 4 _aالسلوك، انحراف
650 0 4 _aالشباب - رعاية اجتماعية
650 0 4 _aالسلوك الاجرامى
650 0 4 _aالشباب - الجوانب الاخلاقية
942 _2ddc
_cBK
999 _c9358
_d9358